<?xml version="1.0" encoding="UTF-8"?>
<record
    xmlns:xsi="http://www.w3.org/2001/XMLSchema-instance"
    xsi:schemaLocation="http://www.loc.gov/MARC21/slim http://www.loc.gov/standards/marcxml/schema/MARC21slim.xsd"
    xmlns="http://www.loc.gov/MARC21/slim">

  <leader>02194cam a2200301 i 4500</leader>
  <controlfield tag="003">DO-SdBNP</controlfield>
  <controlfield tag="005">20180216093143.0</controlfield>
  <controlfield tag="008">100514s 1997 sp a    | |||| 000 f spa  </controlfield>
  <datafield tag="015" ind1=" " ind2=" ">
    <subfield code="a"> </subfield>
  </datafield>
  <datafield tag="017" ind1=" " ind2=" ">
    <subfield code="a"> </subfield>
    <subfield code="b"> </subfield>
  </datafield>
  <datafield tag="020" ind1=" " ind2=" ">
    <subfield code="a">8482591290 (obra completa)</subfield>
  </datafield>
  <datafield tag="020" ind1=" " ind2=" ">
    <subfield code="a">8482591304 (antiguo testamento)</subfield>
  </datafield>
  <datafield tag="020" ind1=" " ind2=" ">
    <subfield code="a">8482591312 (nuevo testamento)</subfield>
  </datafield>
  <datafield tag="035" ind1=" " ind2=" ">
    <subfield code="a"> </subfield>
  </datafield>
  <datafield tag="040" ind1=" " ind2=" ">
    <subfield code="a">BPMSU</subfield>
    <subfield code="b">spa</subfield>
    <subfield code="c">BPMSU</subfield>
    <subfield code="e"> </subfield>
  </datafield>
  <datafield tag="080" ind1=" " ind2=" ">
    <subfield code="a"> </subfield>
  </datafield>
  <datafield tag="245" ind1="1" ind2="3">
    <subfield code="a">La biblia de los ni&#xF1;os /</subfield>
    <subfield code="h"> </subfield>
    <subfield code="c">seleccion de los textos E. Ruiz ; ilustraci&#xF3;nes M. Nigot</subfield>
  </datafield>
  <datafield tag="260" ind1=" " ind2=" ">
    <subfield code="a">Barcelona :</subfield>
    <subfield code="b">Ediciones Nauta,</subfield>
    <subfield code="c">1997.</subfield>
  </datafield>
  <datafield tag="300" ind1=" " ind2=" ">
    <subfield code="a">2 v. p.: </subfield>
    <subfield code="b">il.</subfield>
    <subfield code="c">38 cm.</subfield>
  </datafield>
  <datafield tag="500" ind1=" " ind2=" ">
    <subfield code="a">Edici&#xF3;n gigante ilustrada. </subfield>
  </datafield>
  <datafield tag="505" ind1=" " ind2="2">
    <subfield code="t">Antiguo Testamento --</subfield>
    <subfield code="g">La creaci&#xF3;n --</subfield>
    <subfield code="g">El para&#xED;so terrenal --</subfield>
    <subfield code="g">Los descendientes de Ad&#xE1;n y Eva --</subfield>
    <subfield code="g">El diluvio universal --</subfield>
    <subfield code="g">La torre de Babel --</subfield>
    <subfield code="g">Abraham e Isaac --</subfield>
    <subfield code="g">Jacob --</subfield>
    <subfield code="g">Jos&#xE9; --</subfield>
    <subfield code="g">Mois&#xE9;s --</subfield>
    <subfield code="g">La salida de Egipto --</subfield>
    <subfield code="g">Los diez mandamientos --</subfield>
    <subfield code="g">Cana&#xE1;n, la tierra prometida --</subfield>
    <subfield code="g">Los jueces --</subfield>
    <subfield code="g">Sans&#xF3;n --</subfield>
    <subfield code="g">David y Goliat --</subfield>
    <subfield code="g">El rey David --</subfield>
    <subfield code="g">Salom&#xF3;n --</subfield>
    <subfield code="g">El&#xED;as --</subfield>
    <subfield code="g">Jon&#xE1;s --</subfield>
    <subfield code="g">Judith y Holofernes --</subfield>
    <subfield code="g">Isa&#xED;as, Jerem&#xED;as y Ezequiel --</subfield>
    <subfield code="g">Daniel --</subfield>
    <subfield code="g">Esther y Asuero --</subfield>
    <subfield code="g">Job y Tob&#xED;as --</subfield>
    <subfield code="g">Regreso a Judea --</subfield>
    <subfield code="g">Eleazar, Matat&#xED;as y los Macabeos --</subfield>
    <subfield code="g">Herodes, esperando al Mes&#xED;as --</subfield>
  </datafield>
  <datafield tag="505" ind1=" " ind2="2">
    <subfield code="t">Nuevo Testamento --</subfield>
    <subfield code="g">Los Evangelios --</subfield>
    <subfield code="g">Juan el Bautista --</subfield>
    <subfield code="g">La anunciaci&#xF3;n --</subfield>
    <subfield code="g">El nacimiento del ni&#xF1;o Dios --</subfield>
    <subfield code="g">Jes&#xFA;s se pierde en el templo --</subfield>
    <subfield code="g">El bautismo de Jes&#xFA;s --</subfield>
    <subfield code="g">Los doce ap&#xF3;stoles --</subfield>
    <subfield code="g">La muerte de Juan el Bautista --</subfield>
    <subfield code="g">Las bodas de Can&#xE1; y la pesca milagrosa --</subfield>
    <subfield code="g">El serm&#xF3;n de la monta&#xF1;a --</subfield>
    <subfield code="g">Jes&#xFA;s multiplica los panes y los peces y camina sobre las aguas --</subfield>
    <subfield code="g">Ense&#xF1;anzas y par&#xE1;bolas --</subfield>
    <subfield code="g">La resurrecci&#xF3;n de L&#xE1;zaro y otros milagros --</subfield>
    <subfield code="g">La transfiguraci&#xF3;n --</subfield>
    <subfield code="g">Entrada triunfal en Jerusal&#xE9;n --</subfield>
    <subfield code="g">La &#xFA;ltima cena --</subfield>
    <subfield code="g">La pasi&#xF3;n --</subfield>
    <subfield code="g">La crucifixi&#xF3;n y la muerte --</subfield>
    <subfield code="g">La resurrecci&#xF3;n y la ascensi&#xF3;n a los cielos --</subfield>
    <subfield code="g">San Pablo --</subfield>
    <subfield code="g">San Pedro, la iglesia y el papado --</subfield>
    <subfield code="g">Los primeros M&#xE1;rtires y las Ep&#xED;stolas --</subfield>
    <subfield code="g">El Apocalipsis --</subfield>
    <subfield code="g">El mensaje de la biblia --</subfield>
  </datafield>
  <datafield tag="700" ind1="1" ind2="2">
    <subfield code="a">Ruiz, E.</subfield>
    <subfield code="e">textos</subfield>
  </datafield>
  <datafield tag="700" ind1="1" ind2="2">
    <subfield code="a">Nigot, M</subfield>
    <subfield code="e">il.</subfield>
  </datafield>
  <datafield tag="942" ind1=" " ind2=" ">
    <subfield code="2">ddc</subfield>
    <subfield code="c">BK</subfield>
  </datafield>
  <datafield tag="945" ind1=" " ind2=" ">
    <subfield code="a">Inventariado, 2018 / BT</subfield>
  </datafield>
  <datafield tag="952" ind1=" " ind2=" ">
    <subfield code="0">0</subfield>
    <subfield code="1">0</subfield>
    <subfield code="2">ddc</subfield>
    <subfield code="4">0</subfield>
    <subfield code="7">0</subfield>
    <subfield code="8">CI-G</subfield>
    <subfield code="a">BPMET</subfield>
    <subfield code="b">BPMET</subfield>
    <subfield code="d">2016-12-09</subfield>
    <subfield code="e">Compra en la casa de las enciclopedias</subfield>
    <subfield code="l">0</subfield>
    <subfield code="p">BPMSU16120258</subfield>
    <subfield code="r">2016-12-09</subfield>
    <subfield code="t">v. 1</subfield>
    <subfield code="v">5500.00</subfield>
    <subfield code="w">2016-12-09</subfield>
    <subfield code="y">BK</subfield>
  </datafield>
  <datafield tag="952" ind1=" " ind2=" ">
    <subfield code="0">0</subfield>
    <subfield code="1">0</subfield>
    <subfield code="2">ddc</subfield>
    <subfield code="4">0</subfield>
    <subfield code="7">0</subfield>
    <subfield code="8">CI-G</subfield>
    <subfield code="a">BPMET</subfield>
    <subfield code="b">BPMET</subfield>
    <subfield code="d">2016-12-09</subfield>
    <subfield code="e">Compra en la casa de las enciclopedias</subfield>
    <subfield code="l">0</subfield>
    <subfield code="p">BPMSU16120259</subfield>
    <subfield code="r">2016-12-09</subfield>
    <subfield code="t">v. 2</subfield>
    <subfield code="v">5500.00</subfield>
    <subfield code="w">2016-12-09</subfield>
    <subfield code="y">BK</subfield>
  </datafield>
  <datafield tag="956" ind1=" " ind2=" ">
    <subfield code="a">YLOCKWARD</subfield>
    <subfield code="8">10</subfield>
    <subfield code="c">BPMSU</subfield>
  </datafield>
  <datafield tag="999" ind1=" " ind2=" ">
    <subfield code="c">12382</subfield>
    <subfield code="d">12382</subfield>
  </datafield>
</record>
